Géographie et noms - Statistiques

Statistiques générales
  • Ce quiz a été pris 108 fois
  • Le résultat moyen est 2 sur 9
Statistiques - réponses
Hint Réponse % Correct
Ho... Simpson mer
98%
---- Mac Cartney pôle
32%
Bruno ---o sol
32%
... Kilmer val
32%
Serge ---giani reg
29%
---dy Murphy oued
2%
---na ria
2%
Sean P----- plaine
1%
Laure ----ler rade
1%
Aucun quiz correspondant
Distribution des résultats
% des personnes avec chaque résultat
Percentile par nombre de réponses
Votre historique - résultats
Vous n’avez pas pris ce quiz